LEADER 01146nam a2200241 4500 001 000000344313 003 CaOOAMICUS 005 20210215123346.0 008 210215s1968 xxka 000 u eng r 040 $aSeMil$bita 100 1 $aBerenson, Bernard,$d<1865-1959>.$0(OLS)http://semarc/name/6477 245 14$aThe Italian painters of the Renaissance /$cby Bernard Berenson. 264 1$aLondon & New York :$bPhaidon,$c1968. 300 $a2 v. :$bill. ;$c25 cm 490 1 $aPhaidon paperback 500 $a1. ed. in due volumi 650 4$aPittura - Italia - Sec. 15.-16.$0(OLS)http://semarc/subject/16870 774 0 $tVenetian painters ; the north italian painters.$dLondon & New York : Phaidon, 1968.$kPhaidon paperback$w()344316 774 0 $t2: The florentine painters ; the central italian painters.$dLondon & New York : Phaidon, 1968.$kPhaidon paperback$w()344317 830 0$aPhaidon paperback.$0(OLS)http://semarc/title/433407 996 $6245$aThe Italian painters of the Renaissance$9(OLS)http://semarc/title/433404 996 $6264$aLondon & New York :$bPhaidon$9(OLS)http://semarc/publisher/44937 LEADER 00474naa a2200145 i 4500 001 000000307425 003 CaOOAMICUS 005 20180831172916.0 008 180831n xx u000 u und u 013 $a16140 040 $aSeMil$bita 100 1 $aWijayaratna, Môhan.$0(OLS)http://semarc/name/86098 245 13$aIl buddismo nei paesi del Theravada. 650 4$aBuddismo.$0(OLS)http://semarc/subject/909 996 $6245$aIl buddismo nei paesi del Theravada$9(OLS)http://semarc/title/375477